[Event "ch-FRA w 2014"]
[Site "Nimes FRA"]
[Date "2014.08.25"]
[Round "8.2"]
[White "Congiu, Mathilde"]
[Black "Safranska, Anda"]
[Result "0-1"]
[WhiteTitle "WIM"]
[BlackTitle "WGM"]
[WhiteElo "2318"]
[BlackElo "2258"]
[WhiteFideId "634581"]
[BlackFideId "11600209"]
[EventDate "2014.08.17"]

1. e4 Nf6 2. e5 Nd5 3. d4 d6 4. c4 Nb6 5. exd6 exd6 6. Nc3 Be7 7. Bd3 Nc6 8.
Nge2 O-O 9. b3 Bg4 10. Be3 Bf6 11. Qd2 Re8 12. O-O Bxe2 13. Nxe2 d5 14. c5 Nd7
15. b4 a6 16. Rab1 Ne7 17. Rfc1 c6 18. Rc2 Nf8 19. a4 Qd7 20. Ng3 g6 21. b5 axb5
22. axb5 Ne6 23. Be2 Ng7 24. Rcb2 h5 25. h3 Nef5 26. Nxf5 Nxf5 27. Rb3 Bxd4 28.
bxc6 bxc6 29. Bxd4 Nxd4 30. Qxd4 Rxe2 31. Rb7 Qf5 32. R1b6 Re1+ 33. Kh2 Rc8 34.
Rb8 Ree8 35. Rxc8 Rxc8 36. Qe3 Qf6 37. Rb4 Qd8 38. Rb7 Qf6 39. Rb4 Rf8 40. Rf4
Qd8 41. Qd4 Re8 42. Rf6 Re4 43. Qa1 Qe8 44. g3 h4 45. gxh4 d4 46. Kg2 Rxh4 47.
Qa3 Rh5 48. Rf4 Rg5+ 49. Kf1 Rd5 50. Qd3 Qe5 51. Re4 Qf6 52. Ke2 Kg7 53. h4 Kh7
54. Kf1 Rd7 55. h5 Kg7 56. hxg6 fxg6 57. Ke2 Rd5 58. Kf1 Rd8 59. Ke2 Rd7 60. Kf1
Qf5 61. Qc2 Qh3+ 62. Ke1 Kh7 63. Kd2 Qh6+ 64. Kd3 Qg5 65. Qc4 Qf5 66. Qe6 Qf3+
67. Kd2 Qxf2+ 68. Kd3 Qg3+ 69. Kd2 Rb7 70. Qa2 Qc3+ 71. Ke2 Rb2+ 0-1

[Event "ch-FRA w 2014"]
[Site "Nimes FRA"]
[Date "2014.08.25"]
[Round "8.3"]
[White "Skripchenko, Almira"]
[Black "Delorme, Laurie"]
[Result "1-0"]
[WhiteTitle "IM"]
[BlackTitle "WIM"]
[WhiteElo "2438"]
[BlackElo "2151"]
[WhiteFideId "13900145"]
[BlackFideId "630829"]
[EventDate "2014.08.17"]

1. c4 e6 2. Nf3 d5 3. b3 d4 4. g3 c5 5. Bg2 Nc6 6. O-O Bd6 7. e3 e5 8. exd4 exd4
9. d3 Nge7 10. Na3 O-O 11. Nc2 a5 12. a3 Rb8 13. Ng5 f5 14. Re1 Rf6 15. Nh3 Re6
16. Nf4 Rxe1+ 17. Nxe1 Qe8 18. Nf3 h6 19. h4 g6 20. Ra2 b5 21. Re2 Qf7 22. Qd2
a4 23. cxb5 Rxb5 24. bxa4 Ra5 25. Nh3 f4 26. Nxf4 Bxf4 27. Qxf4 Qxf4 28. Bxf4
Ba6 29. Ne5 Nxe5 30. Rxe5 Kf7 31. Be4 Kf6 32. g4 Rxa4 33. Rxc5 Rxa3 34. g5+ hxg5
35. Bxg5+ Ke6 36. Rc7 Nf5 37. Ra7 Ra4 38. Kg2 Bb5 39. Rb7 Bd7 40. Rb6+ Kf7 41.
Bd5+ Kg7 42. Rb7 1-0

[Event "ch-FRA w 2014"]
[Site "Nimes FRA"]
[Date "2014.08.25"]
[Round "8.4"]
[White "Milliet, Sophie"]
[Black "Collas, Silvia"]
[Result "1-0"]
[WhiteTitle "IM"]
[BlackTitle "IM"]
[WhiteElo "2385"]
[BlackElo "2316"]
[WhiteFideId "623725"]
[BlackFideId "2902265"]
[EventDate "2014.08.17"]

1. e4 g6 2. d4 Bg7 3. Nc3 c6 4. f4 d5 5. e5 Nh6 6. Be2 f6 7. Nf3 O-O 8. Be3 Bg4
9. Qd2 e6 10. O-O-O Bxf3 11. Bxf3 Nd7 12. h4 f5 13. h5 b5 14. hxg6 hxg6 15. Rdg1
Kf7 16. g4 fxg4 17. Bxg4 Nxg4 18. Rxg4 Rh8 19. Rhg1 Nf8 20. Qg2 Qd7 21. Ne2 Rh7
22. Rg3 Re8 23. f5 exf5 24. Nf4 Kg8 25. Nxg6 Nxg6 26. Rxg6 Re6 27. Rf6 Re7 28.
Qg6 c5 29. e6 Qe8 30. dxc5 Kh8 31. Qxf5 Rh4 32. Bg5 Rh5 33. Rg6 Rc7 34. Rf1 Rxc5
35. Qf7 Qxf7 36. exf7 Rc8 37. Be7 Kh7 38. Rxg7+ 1-0

[Event "ch-FRA w 2014"]
[Site "Nimes FRA"]
[Date "2014.08.25"]
[Round "8.5"]
[White "Bollengier, Andreea"]
[Black "Malassagne, Isabelle"]
[Result "1-0"]
[WhiteTitle "WIM"]
[WhiteElo "2236"]
[BlackElo "2122"]
[WhiteFideId "1203347"]
[BlackFideId "20670265"]
[EventDate "2014.08.17"]

1. c4 Nf6 2. g3 g6 3. Bg2 d5 4. Nf3 Bg7 5. O-O O-O 6. cxd5 Nxd5 7. d4 Nb6 8. Nc3
Nc6 9. d5 Na5 10. Qc2 c6 11. dxc6 Nxc6 12. Rd1 Bd7 13. Bf4 e5 14. Bg5 Qb8 15.
Qc1 Bg4 16. Ne4 f5 17. Nc5 f4 18. h3 Bc8 19. Na6 bxa6 20. Qxc6 fxg3 21. fxg3 Bb7
22. Qe6+ Kh8 23. Be7 Qe8 24. Ng5 Bc8 25. Qd6 Nc4 26. Qc5 Rb8 27. Rd8 Qxd8 28.
Bxd8 Nd2 29. Rd1 1-0

[Event "ch-FRA w 2014"]
[Site "Nimes FRA"]
[Date "2014.08.25"]
[Round "8.6"]
[White "Leconte, Maria"]
[Black "Haussernot, Cecile"]
[Result "1-0"]
[WhiteTitle "WGM"]
[BlackTitle "WFM"]
[WhiteElo "2206"]
[BlackElo "2101"]
[WhiteFideId "618446"]
[BlackFideId "601632"]
[EventDate "2014.08.17"]

1. e4 c5 2. Nf3 d6 3. d4 cxd4 4. Nxd4 Nf6 5. Nc3 a6 6. g3 e5 7. Nb3 Be7 8. Bg2
O-O 9. O-O Bg4 10. Qd3 b5 11. a4 b4 12. Nd5 Nxd5 13. exd5 f5 14. Qc4 a5 15. h3
Bh5 16. c3 Na6 17. Bd2 bxc3 18. Bxc3 Nb4 19. Nxa5 Qxa5 20. Qxb4 Qa7 21. a5 Be2
22. Rfe1 Rab8 23. Qa3 Bc4 24. b4 f4 25. g4 f3 26. Bf1 Bh4 27. Re3 Bxd5 28. b5
Qd7 29. Rd1 Rf4 30. Rxd5 Rxg4+ 31. Kh1 Bxf2 32. Rxf3 Rg1+ 33. Kh2 Rxf1 34. Rxd6
Qb7 35. Qb3+ Kh8 36. Qd5 Qc7 37. Kg2 Bc5 38. Rc6 Rg1+ 39. Kh2 Qe7 40. Qxc5 1-0

[Event "ch-FRA w 2014"]
[Site "Nimes FRA"]
[Date "2014.08.26"]
[Round "9.1"]
[White "Safranska, Anda"]
[Black "Maisuradze, Nino"]
[Result "0-1"]
[WhiteTitle "WGM"]
[BlackTitle "WGM"]
[WhiteElo "2258"]
[BlackElo "2291"]
[WhiteFideId "11600209"]
[BlackFideId "13601717"]
[EventDate "2014.08.17"]

1. e4 c5 2. b3 g6 3. Bb2 Nf6 4. f4 Bg7 5. Nf3 O-O 6. d3 d6 7. g3 Nc6 8. Bg2 Rb8
9. O-O b5 10. Nbd2 Qb6 11. Kh1 Nxe4 12. Bxg7 Nxd2 13. Bxf8 Nxf1 14. Qxf1 Kxf8
15. a4 a6 16. Ng5 h6 17. Ne4 Nd4 18. Qf2 bxa4 19. Rxa4 Bd7 20. Ra1 a5 21. Nc3
Bc6 22. g4 Bxg2+ 23. Kxg2 Qb7+ 24. Kg3 Qb4 25. Nd5 Qb7 26. Ne3 f5 27. Rxa5 fxg4
28. Kxg4 Kg7 29. Ra1 Rf8 30. Rf1 e5 31. f5 Nxf5 32. Nxf5+ Rxf5 33. Qe2 Rg5+ 34.
Kh4 Qe7 0-1

[Event "ch-FRA w 2014"]
[Site "Nimes FRA"]
[Date "2014.08.26"]
[Round "9.2"]
[White "Haussernot, Cecile"]
[Black "Milliet, Sophie"]
[Result "1/2-1/2"]
[WhiteTitle "WFM"]
[BlackTitle "IM"]
[WhiteElo "2101"]
[BlackElo "2385"]
[WhiteFideId "601632"]
[BlackFideId "623725"]
[EventDate "2014.08.17"]

1. e4 c5 2. Nf3 Nc6 3. Nc3 g6 4. d4 cxd4 5. Nxd4 Bg7 6. Be3 Nf6 7. Bc4 O-O 8.
Bb3 d6 9. f3 Bd7 10. Qd2 Nxd4 11. Bxd4 b5 12. O-O-O a5 13. Nd5 Nxd5 14. Bxd5 Rc8
15. Bxg7 Kxg7 16. h4 h5 17. e5 Bf5 18. c3 b4 19. g4 bxc3 20. bxc3 hxg4 21. fxg4
Bxg4 22. h5 Bxd1 23. hxg6 Rh8 24. gxf7 Rxh1 25. Qg5+ Kh8 26. Bxh1 Qf8 27. Qh4+
Kg7 28. e6 Qh8 29. Qd4+ Kh6 30. Qf4+ Kg7 31. Qd4+ Kh6 32. Qf4+ Kg7 33. Qd4+ Kh6
34. Qf4+ Kg7 35. Qd4+ Kh6 36. Qf4+ Kg7 37. Qd4+ Kh6 1/2-1/2

[Event "ch-FRA w 2014"]
[Site "Nimes FRA"]
[Date "2014.08.26"]
[Round "9.3"]
[White "Collas, Silvia"]
[Black "Skripchenko, Almira"]
[Result "1/2-1/2"]
[WhiteTitle "IM"]
[BlackTitle "IM"]
[WhiteElo "2316"]
[BlackElo "2438"]
[WhiteFideId "2902265"]
[BlackFideId "13900145"]
[EventDate "2014.08.17"]

1. Nf3 Nf6 2. c4 e6 3. d4 d5 4. g3 Bb4+ 5. Bd2 Be7 6. Bg2 O-O 7. O-O c6 8. Qb3
b6 9. Nc3 Ba6 10. cxd5 cxd5 11. Ne5 Bb7 12. Rfd1 Nc6 13. Bf4 Nh5 14. Be3 Nf6 15.
Bf4 Nh5 16. Be3 Nf6 17. Bf4 Nh5 1/2-1/2

[Event "ch-FRA w 2014"]
[Site "Nimes FRA"]
[Date "2014.08.26"]
[Round "9.4"]
[White "Delorme, Laurie"]
[Black "Bollengier, Andreea"]
[Result "0-1"]
[WhiteTitle "WIM"]
[BlackTitle "WIM"]
[WhiteElo "2151"]
[BlackElo "2236"]
[WhiteFideId "630829"]
[BlackFideId "1203347"]
[EventDate "2014.08.17"]

1. d4 Nf6 2. c4 e6 3. Nf3 b6 4. g3 Ba6 5. b3 Bb4+ 6. Bd2 Be7 7. Bg2 d5 8. Bc3
O-O 9. Ne5 c5 10. cxd5 exd5 11. O-O Bb7 12. Nd2 Na6 13. dxc5 Nxc5 14. Ndf3 Rc8
15. Bh3 Rc7 16. Nd4 Nce4 17. Bb2 Bb4 18. a3 Bc3 19. Bxc3 Nxc3 20. Qd3 Re8 21.
Ng4 Bc8 22. f3 Nxg4 23. Bxg4 Bxg4 24. fxg4 Re4 25. Rf4 Qe7 26. Nf5 Nxe2+ 27. Kf1
Qf6 28. Rxe4 dxe4 29. Qd1 Nc3 30. Rc1 Nxd1 31. Rxc7 h5 32. Rc6 Qb2 33. Ke1 0-1

[Event "ch-FRA w 2014"]
[Site "Nimes FRA"]
[Date "2014.08.26"]
[Round "9.5"]
[White "Malassagne, Isabelle"]
[Black "Congiu, Mathilde"]
[Result "1/2-1/2"]
[BlackTitle "WIM"]
[WhiteElo "2122"]
[BlackElo "2318"]
[WhiteFideId "20670265"]
[BlackFideId "634581"]
[EventDate "2014.08.17"]

1. e4 d5 2. exd5 Qxd5 3. Nf3 Nf6 4. Be2 Bf5 5. O-O e6 6. c4 Qd8 7. Qb3 Qc8 8. d4
Be7 9. Nc3 O-O 10. h3 Nbd7 11. Bf4 a6 12. Nh4 Be4 13. Nxe4 Nxe4 14. Nf3 Rd8 15.
Qc2 Nef6 16. Rad1 Nf8 17. a3 Ng6 18. Bh2 Bd6 19. b4 Nf4 20. Rfe1 Nxe2+ 21. Qxe2
c6 22. Be5 Be7 23. Qd2 b6 24. Qb2 Ra7 25. c5 Rb7 26. cxb6 Rxb6 27. Bxf6 gxf6 28.
Qc1 Kh8 29. Re4 Rg8 30. Rg4 Qd8 31. Rxg8+ Kxg8 32. Qf4 Kh8 33. Re1 Rb8 34. Rc1
Rc8 35. g4 Qd5 36. Rc3 Rd8 37. Qe3 Kg7 38. Qf4 Bd6 39. Qe3 h6 40. Rc2 Bb8 41.
Rc5 Qd6 42. Ra5 Bc7 43. Rxa6 Qd5 44. Qc3 Rc8 45. Kg2 Bd6 46. Ra5 Qe4 47. Qe3 Qc2
48. Rh5 Rh8 49. Nd2 Qg6 50. Nc4 Be7 51. Kh2 1/2-1/2

[Event "ch-FRA w 2014"]
[Site "Nimes FRA"]
[Date "2014.08.26"]
[Round "9.6"]
[White "Navrotescu, Andreea-Cristiana"]
[Black "Leconte, Maria"]
[Result "0-1"]
[WhiteTitle "WFM"]
[BlackTitle "WGM"]
[WhiteElo "2208"]
[BlackElo "2206"]
[WhiteFideId "675946"]
[BlackFideId "618446"]
[EventDate "2014.08.17"]

1. d4 e6 2. c4 Nf6 3. Nc3 Bb4 4. e3 b6 5. Bd3 Bb7 6. Nf3 O-O 7. O-O d5 8. Qc2 c5
9. cxd5 exd5 10. dxc5 bxc5 11. Na4 c4 12. Be2 Nbd7 13. Bd2 Bd6 14. Bc3 Re8 15.
Rfd1 Ne4 16. Be1 Re6 17. Nc3 Nb6 18. Nb5 Rh6 19. Nxd6 Qxd6 20. g3 Qe6 21. Bf1
Qf5 22. Qe2 Qh5 23. Nh4 Qg5 24. Bg2 Rc8 25. f3 Nc5 26. f4 Qf6 27. Bc3 Qe6 28. f5
Qe8 29. Qg4 f6 30. Bd4 Nd3 31. Qe2 Qd7 32. Rf1 Re8 33. e4 dxe4 34. Be3 Na4 35.
b3 Nb6 36. bxc4 Nxc4 37. Bxh6 gxh6 38. Rab1 Qd4+ 39. Kh1 Bc6 40. h3 Kh8 41. Kh2
Qe3 42. Qh5 Rg8 43. Ng6+ hxg6 44. fxg6 Kg7 45. Qf5 Qd4 46. Qe6 Nd6 47. Qe7+ Kxg6
48. h4 Qe5 49. Qxa7 Nf5 50. h5+ Kxh5 51. Qf7+ Rg6 52. Kg1 Nxg3 53. Rbd1 Ne2+ 54.
Kh1 Qg3 55. Rf5+ Kh4 0-1

[Event "ch-FRA w 2014"]
[Site "Nimes FRA"]
[Date "2014.08.27"]
[Round "10.2"]
[White "Bollengier, Andreea"]
[Black "Collas, Silvia"]
[Result "1-0"]
[WhiteTitle "WIM"]
[BlackTitle "IM"]
[WhiteElo "2236"]
[BlackElo "2316"]
[WhiteFideId "1203347"]
[BlackFideId "2902265"]
[EventDate "2014.08.17"]

1. c4 e5 2. g3 Nc6 3. Bg2 Bc5 4. Nc3 a6 5. e3 d6 6. Nge2 Ba7 7. a3 Nf6 8. b4 O-O
9. O-O Be6 10. Nd5 Ne8 11. Bb2 Qd7 12. Re1 Nd8 13. d3 c6 14. Ndc3 f5 15. Qd2 f4
16. exf4 Bh3 17. d4 Bxg2 18. Kxg2 Qf7 19. Nd1 e4 20. d5 Qh5 21. Bd4 c5 22. bxc5
dxc5 23. Be5 Nf7 24. Qb2 Nfd6 25. Rc1 b5 26. Ne3 Rb8 27. Qc2 Rb7 28. Nc3 Qf3+
29. Kg1 b4 30. Nb1 b3 31. Qe2 Qxe2 32. Rxe2 Nf7 33. Nd2 a5 34. a4 Ned6 35. Bc3
Rfb8 36. Rb1 g5 37. f5 g4 38. Nxg4 Nxf5 39. Nf6+ Kf8 40. Nxh7+ Kg8 41. Nf6+ Kf8
42. Rb2 Nd4 43. Rxe4 Ng5 44. Re3 Re7 45. Bxd4 cxd4 46. Rexb3 1-0

[Event "ch-FRA w 2014"]
[Site "Nimes FRA"]
[Date "2014.08.27"]
[Round "10.3"]
[White "Leconte, Maria"]
[Black "Milliet, Sophie"]
[Result "1/2-1/2"]
[WhiteTitle "WGM"]
[BlackTitle "IM"]
[WhiteElo "2206"]
[BlackElo "2385"]
[WhiteFideId "618446"]
[BlackFideId "623725"]
[EventDate "2014.08.17"]

1. e4 c5 2. Nf3 e6 3. d4 cxd4 4. Nxd4 Nc6 5. Nc3 Qc7 6. Be3 a6 7. a3 b5 8. Be2
Bb7 9. f4 Nxd4 10. Qxd4 Rc8 11. O-O-O Nf6 12. Rd2 Bc5 13. Qxc5 Qxc5 14. Bxc5
Rxc5 15. e5 Ne4 16. Nxe4 Bxe4 17. Bf3 Bxf3 18. gxf3 d5 19. exd6 Kd7 20. Re1 Rc6
21. a4 Rxd6 22. Rxd6+ Kxd6 23. axb5 axb5 24. Re5 Rb8 25. b4 Kc6 26. f5 exf5 27.
Rxf5 f6 28. Rc5+ Kb6 29. Rd5 Kc6 30. Rc5+ Kb6 31. Rd5 Kc6 32. Rc5+ Kb6 1/2-1/2

[Event "ch-FRA w 2014"]
[Site "Nimes FRA"]
[Date "2014.08.27"]
[Round "10.4"]
[White "Congiu, Mathilde"]
[Black "Delorme, Laurie"]
[Result "1/2-1/2"]
[WhiteTitle "WIM"]
[BlackTitle "WIM"]
[WhiteElo "2318"]
[BlackElo "2151"]
[WhiteFideId "634581"]
[BlackFideId "630829"]
[EventDate "2014.08.17"]

1. e4 e5 2. Bc4 Nf6 3. Nc3 Nc6 4. d3 Bb4 5. Ne2 d5 6. exd5 Nxd5 7. O-O Bxc3 8.
Nxc3 Nxc3 9. bxc3 Qd6 10. f4 Be6 11. Bxe6 Qxe6 12. fxe5 O-O-O 13. Bf4 Nxe5 14.
Rb1 Ng6 15. Bg3 f6 16. Qf3 Qd5 17. Qg4+ Kb8 18. a4 Rhe8 19. Rb5 Qc6 20. Rfb1 b6
21. a5 Kb7 22. c4 Re7 23. axb6 axb6 24. c5 Rd5 25. Rxb6+ cxb6 26. Rxb6+ Qxb6 27.
cxb6 Red7 28. Bf2 Ne5 29. Qe4 f5 30. Qh4 Ng4 31. h3 Nxf2 32. Qxf2 g6 33. Kf1 Rb5
34. Ke2 Rxb6 35. Kd2 Kc7 36. Qc5+ Rc6 37. Qe5+ Kc8 38. Qe8+ Kc7 39. c3 Rcd6 40.
d4 Kc6 41. Kd3 Kc7 42. Qe5 Kb7 43. c4 Rxd4+ 44. Qxd4 Kc6 45. Qxd7+ Kxd7 46. Kd4
Kd6 47. c5+ Kc6 48. h4 f4 49. Ke4 f3 50. Kxf3 Kxc5 51. Kf4 Kd4 52. Kg5 Ke5 53.
g3 Ke4 54. g4 h5 1/2-1/2

[Event "ch-FRA w 2014"]
[Site "Nimes FRA"]
[Date "2014.08.27"]
[Round "10.5"]
[White "Skripchenko, Almira"]
[Black "Haussernot, Cecile"]
[Result "1-0"]
[WhiteTitle "IM"]
[BlackTitle "WFM"]
[WhiteElo "2438"]
[BlackElo "2101"]
[WhiteFideId "13900145"]
[BlackFideId "601632"]
[EventDate "2014.08.17"]

1. e4 c5 2. b3 e6 3. Bb2 a6 4. Nf3 Nc6 5. g3 d5 6. exd5 exd5 7. Qe2+ Be6 8. Bg2
Qd7 9. d4 Nf6 10. Nbd2 Bd6 11. O-O O-O-O 12. c4 Rhe8 13. Ne5 Qc7 14. Nxc6 Qxc6
15. dxc5 Bxc5 16. Bxf6 gxf6 17. Qh5 Qd7 18. cxd5 Bg4 19. Qh6 Re2 20. Rac1 Qb5
21. Qf4 1-0

[Event "ch-FRA w 2014"]
[Site "Nimes FRA"]
[Date "2014.08.27"]
[Round "10.6"]
[White "Navrotescu, Andreea-Cristiana"]
[Black "Safranska, Anda"]
[Result "0-1"]
[WhiteTitle "WFM"]
[BlackTitle "WGM"]
[WhiteElo "2208"]
[BlackElo "2258"]
[WhiteFideId "675946"]
[BlackFideId "11600209"]
[EventDate "2014.08.17"]

1. d4 g6 2. c4 Bg7 3. e4 d6 4. Nc3 Nc6 5. d5 Nd4 6. Be3 c5 7. dxc6 Nxc6 8. Nge2
Nf6 9. f3 Nd7 10. Qd2 Nde5 11. Nf4 O-O 12. Be2 Rb8 13. O-O b6 14. b3 Re8 15.
Rad1 Bb7 16. Nfd5 Nd7 17. Bh6 Bh8 18. f4 e6 19. Ne3 Nd4 20. Bd3 a6 21. Bb1 b5
22. Bg5 Qb6 23. Kh1 Qa5 24. Ng4 bxc4 25. Nh6+ Kf8 26. f5 gxf5 27. exf5 e5 28.
bxc4 Nf6 29. Bxf6 Bxf6 30. Ng4 Qd8 31. Qh6+ Bg7 32. Qh5 f6 33. Qxh7 Qe7 34. Ne4
Rec8 35. Qg6 Bxe4 36. Bxe4 Qf7 37. Qxf7+ Kxf7 38. Rb1 Ke7 39. Rxb8 Rxb8 40. Rb1
Rxb1+ 41. Bxb1 Ne2 42. a3 Nc3 43. Bc2 d5 44. cxd5 Nxd5 45. h4 Nf4 46. g3 Nh5 47.
Kg2 Bf8 48. Ne3 Bh6 49. Nc4 Bc1 50. Kf3 Ng7 51. g4 Ne8 52. a4 Nd6 53. Ne3 Kf7
54. g5 Bb2 55. Nd5 Ne8 56. Kg4 Kg7 57. Bd3 fxg5 58. hxg5 a5 59. f6+ Kf8 60. Kf5
Bc1 61. g6 e4 62. Bxe4 Bb2 63. Ke6 Ba1 64. Bd3 Bb2 65. Kf5 Ba1 66. Bb5 Nd6+ 67.
Ke6 Ne4 68. g7+ 0-1

[Event "ch-FRA w 2014"]
[Site "Nimes FRA"]
[Date "2014.08.28"]
[Round "11.1"]
[White "Delorme, Laurie"]
[Black "Maisuradze, Nino"]
[Result "0-1"]
[WhiteTitle "WIM"]
[BlackTitle "WGM"]
[WhiteElo "2151"]
[BlackElo "2291"]
[WhiteFideId "630829"]
[BlackFideId "13601717"]
[EventDate "2014.08.17"]

1. d4 d5 2. c4 e6 3. Nc3 Be7 4. Nf3 Nf6 5. Bg5 h6 6. Bxf6 Bxf6 7. e3 c6 8. Rc1
Nd7 9. Bd3 O-O 10. O-O dxc4 11. Bxc4 c5 12. Ne4 cxd4 13. exd4 Nb6 14. Bb3 Bd7
15. Ne5 Bb5 16. Nxf6+ Qxf6 17. Re1 Rad8 18. Rc7 Ba6 19. Qg4 Nd5 20. Rd7 Qf4 21.
Rxd8 Rxd8 22. Qh5 Bb5 23. g3 Qf6 24. Re4 Qe7 25. Qf3 Bc6 26. Nxc6 bxc6 27. Bc2
Qb4 28. Qd3 Qxb2 29. Rg4 f5 30. Rg6 Kf7 31. Rxe6 Kxe6 32. Qxf5+ Ke7 33. Qe5+ Kf8
34. Bh7 Qc1+ 35. Kg2 Qg5 0-1

[Event "ch-FRA w 2014"]
[Site "Nimes FRA"]
[Date "2014.08.28"]
[Round "11.2"]
[White "Haussernot, Cecile"]
[Black "Bollengier, Andreea"]
[Result "0-1"]
[WhiteTitle "WFM"]
[BlackTitle "WIM"]
[WhiteElo "2101"]
[BlackElo "2236"]
[WhiteFideId "601632"]
[BlackFideId "1203347"]
[EventDate "2014.08.17"]

1. d4 d5 2. Nc3 c6 3. Bf4 Nf6 4. f3 Qb6 5. Qd2 Qxb2 6. Rb1 Qa3 7. e4 e6 8. Rb3
Qa5 9. Bd3 b6 10. Nge2 Ba6 11. O-O Bxd3 12. Qxd3 Be7 13. g4 Qa6 14. Qe3 Nbd7 15.
Ng3 dxe4 16. g5 Nd5 17. Nxd5 cxd5 18. fxe4 Nc5 19. Rc3 Nxe4 20. Nxe4 dxe4 21.
Rc7 Rc8 22. Qc3 O-O 23. Qc6 Rxc7 24. Qxc7 Ba3 25. Qc3 Be7 26. Qc7 Bb4 27. c3 Ba3
28. c4 Qa5 29. c5 Qc3 30. Bd6 Qxd4+ 31. Kh1 Qd3 32. Rf4 Qd1+ 33. Kg2 Qd2+ 34.
Kh3 Qe3+ 35. Kg2 e5 36. Qe7 Qe2+ 37. Kh3 Qh5+ 38. Kg2 Rc8 39. Qd7 Qxg5+ 40. Rg4
Rd8 41. Rxg5 Rxd7 42. Rxe5 Rd8 43. Be7 Re8 44. cxb6 Bxe7 45. bxa7 Kf8 46. Re6 0-1

[Event "ch-FRA w 2014"]
[Site "Nimes FRA"]
[Date "2014.08.28"]
[Round "11.3"]
[White "Milliet, Sophie"]
[Black "Skripchenko, Almira"]
[Result "0-1"]
[WhiteTitle "IM"]
[BlackTitle "IM"]
[WhiteElo "2385"]
[BlackElo "2438"]
[WhiteFideId "623725"]
[BlackFideId "13900145"]
[EventDate "2014.08.17"]

1. e4 e5 2. Nf3 Nc6 3. Bb5 a6 4. Ba4 d6 5. O-O Bd7 6. c3 g6 7. d4 Bg7 8. d5 Nb8
9. c4 Nf6 10. Bxd7+ Nbxd7 11. Nc3 O-O 12. h3 Nh5 13. Be3 Bf6 14. b4 Be7 15. Nd2
Bg5 16. Bxg5 Qxg5 17. Ne2 f5 18. exf5 gxf5 19. Nf3 Qg7 20. Rc1 Kh8 21. c5 Rg8
22. Ne1 f4 23. Nc3 Ndf6 24. f3 Qg3 25. Kh1 Qh4 26. Ne2 Rg7 27. cxd6 cxd6 28. Rg1
Rag8 29. Qd3 Ng3+ 30. Nxg3 Rxg3 31. Qf5 Ng4 32. Qxg4 R8xg4 0-1

[Event "ch-FRA w 2014"]
[Site "Nimes FRA"]
[Date "2014.08.28"]
[Round "11.4"]
[White "Safranska, Anda"]
[Black "Leconte, Maria"]
[Result "1/2-1/2"]
[WhiteTitle "WGM"]
[BlackTitle "WGM"]
[WhiteElo "2258"]
[BlackElo "2206"]
[WhiteFideId "11600209"]
[BlackFideId "618446"]
[EventDate "2014.08.17"]

1. e4 e6 2. d3 d5 3. Nd2 Nf6 4. Ngf3 c5 5. g3 Nc6 6. Bg2 g6 7. O-O Bg7 8. exd5
Nxd5 9. Nb3 b6 10. Bg5 f6 11. Bc1 e5 12. Re1 O-O 13. c3 Ba6 14. Bf1 Qd7 15. Nbd2
Rad8 16. Nc4 Nxc3 17. Ncxe5 Nxd1 18. Nxd7 Rxd7 19. Rxd1 Rfd8 20. Be3 Bxd3 21.
Bxd3 Rxd3 22. Rxd3 Rxd3 23. Kf1 f5 24. Rb1 h6 25. h4 Rd5 26. b3 Kf7 27. Rc1 Rd7
28. Ke2 Nb4 29. a3 Nd5 30. Bd2 a5 31. Rc4 Re7+ 32. Kd3 Nf6 33. Rc2 Ng4 34. Bf4
Re4 35. Bc7 a4 36. bxa4 c4+ 37. Kd2 Nxf2 38. Bxb6 c3+ 39. Rxc3 Bxc3+ 40. Kxc3
Nd1+ 41. Kb3 Ke8 42. a5 Kd7 43. Nd2 Rg4 44. Kc2 Rxg3 45. Kxd1 g5 46. hxg5 hxg5
47. a4 Ra3 48. Ke2 g4 49. a6 Rxa4 50. a7 Kc6 51. Be3 Kb7 52. Nb3 Ka8 53. Nd2 f4
54. Bc5 Ra2 55. Kd3 Ra5 56. Bd4 Rxa7 57. Ke4 1/2-1/2

[Event "ch-FRA w 2014"]
[Site "Nimes FRA"]
[Date "2014.08.28"]
[Round "11.5"]
[White "Collas, Silvia"]
[Black "Congiu, Mathilde"]
[Result "1/2-1/2"]
[WhiteTitle "IM"]
[BlackTitle "WIM"]
[WhiteElo "2316"]
[BlackElo "2318"]
[WhiteFideId "2902265"]
[BlackFideId "634581"]
[EventDate "2014.08.17"]

1. d4 d5 2. c4 c6 3. cxd5 cxd5 4. Nc3 Nf6 5. Nf3 Nc6 6. Bf4 a6 7. e3 Bg4 8. Be2
e6 9. h3 Bxf3 10. Bxf3 Bd6 11. Bxd6 Qxd6 12. O-O O-O 13. Qd2 Rac8 14. Rfc1 Ne7
15. Ne2 Rxc1+ 16. Rxc1 Rc8 17. Rxc8+ Nxc8 18. Qc3 Ne7 19. Nf4 Qc6 20. Qxc6 Nxc6
21. Nd3 Nd7 22. Kf1 Kf8 23. Ke2 Ke7 24. Kd2 Kd6 25. Kc3 Ne7 26. h4 Nf5 27. g3
Ne7 28. Bg2 Nf5 29. a4 Ne7 30. b3 Nc6 31. Bf3 Ne7 32. Bg2 Nc6 33. Bf3 Ne7 34.
Bg2 Nc6 1/2-1/2

[Event "ch-FRA w 2014"]
[Site "Nimes FRA"]
[Date "2014.08.28"]
[Round "11.6"]
[White "Malassagne, Isabelle"]
[Black "Navrotescu, Andreea-Cristiana"]
[Result "0-1"]
[BlackTitle "WFM"]
[WhiteElo "2122"]
[BlackElo "2208"]
[WhiteFideId "20670265"]
[BlackFideId "675946"]
[EventDate "2014.08.17"]

1. e4 c5 2. Nf3 e6 3. d4 cxd4 4. Nxd4 a6 5. Nc3 Qc7 6. Bd3 Bd6 7. Qe2 Nc6 8.
Nxc6 dxc6 9. h3 Nf6 10. Be3 e5 11. O-O O-O 12. a4 b6 13. Rad1 Bb7 14. Bg5 Be7
15. f4 h6 16. fxe5 hxg5 17. exf6 Bxf6 18. e5 Qxe5 19. Ne4 Be7 20. Rde1 Qd4+ 21.
Kh1 g6 22. c3 Qg7 23. Qe3 Rad8 24. Qxb6 Bc8 25. Bxa6 Bf5 26. Qe3 g4 27. Ng3 Be6
28. Rd1 gxh3 29. gxh3 Qh7 30. Rxd8 Rxd8 31. Kg1 Qxh3 32. Be2 Bc5 0-1